000 00849 am a2200265 a 4500
005 20240625095944.0
008 100622s1988||||ag # f |||| 001 0 spa d
020 _a9502100859
041 _aspa
041 _aeng
092 _c610.03
_l31
_sGUI
245 _aGuía de traducción Inglés Castellano para la Ciencia y la Técnica /
_cDora Legorburu
250 _a2a ed.
260 _aBuenos Aires:
_bPlus Ultra;
_c1988.
300 _a195 p.
500 _aLegorburu, D. et al. (1988). Guía de traducción Inglés Castellano para la Ciencia y la Técnica. (2a ed.). Buenos Aires : Plus Ultra.
653 _aCiencias Medicas
653 _aDiccionarios
700 1 _aLegorburu, Dora
_91189
700 1 _aMontero, Mabel.
_91190
700 1 _aSagredo, Estela.
_91191
700 1 _aViviani, Martha.
_91192
930 _a1650
942 _2ddc
_cBK
999 _c394
_d394